| 000 | 00508nam a2200181 i 4500 | ||
|---|---|---|---|
| 001 | 133864 | ||
| 003 | ES-MaACL | ||
| 005 | 20230906194541.0 | ||
| 007 | t| | ||
| 008 | 070903s1971 sp ||||1| cat d | ||
| 100 | 1 |
_aWesker, Arnold. _9116530 |
|
| 245 | 1 | 3 |
_aLa cuina / _cArnold Wesker ; próleg i traducció de Jordi Bordas. |
| 250 | _a1ª ed. | ||
| 260 |
_aBarcelona : _bEdicions 62, _c1971. |
||
| 300 |
_a102 p. ; _c18 cm. |
||
| 700 | 1 |
_aBordas, Jordi. _930379 |
|
| 852 |
_aES-MaACL _jC-41998 _bR.77178 |
||
| 999 |
_c133864 _d133864 |
||